Rick McPEAK, Donna TUSSING ORWIN, eds., Tolstoy on War. Narrative Art and Historical Truth in « War and Peace », Ithaca – London : Cornell University Press, 2012, 235 p. (notice n° 1604715)

détails MARC
000 -LEADER
fixed length control field 00625cam a2200145 4500500
005 - DATE AND TIME OF LATEST TRANSACTION
control field 20251228093539.0
041 ## - LANGUAGE CODE
Language code of text/sound track or separate title fre
042 ## - AUTHENTICATION CODE
Authentication code dc
100 10 - MAIN ENTRY--PERSONAL NAME
Personal name Aucouturier, Michel
Relator term author
245 00 - TITLE STATEMENT
Title Rick McPEAK, Donna TUSSING ORWIN, eds., Tolstoy on War. Narrative Art and Historical Truth in « War and Peace », Ithaca – London : Cornell University Press, 2012, 235 p.
260 ## - PUBLICATION, DISTRIBUTION, ETC.
Date of publication, distribution, etc. 2013.<br/>
500 ## - GENERAL NOTE
General note 91
786 0# - DATA SOURCE ENTRY
Note Cahiers du monde russe | Vol 53 | 4 | 2013-12-01 | p. 593zp-754zp | 1252-6576
856 41 - ELECTRONIC LOCATION AND ACCESS
Uniform Resource Identifier <a href="https://shs.cairn.info/revue-cahiers-du-monde-russe-2012-4-page-593zp?lang=fr&redirect-ssocas=7080">https://shs.cairn.info/revue-cahiers-du-monde-russe-2012-4-page-593zp?lang=fr&redirect-ssocas=7080</a>

Pas d'exemplaire disponible.

PLUDOC

PLUDOC est la plateforme unique et centralisée de gestion des bibliothèques physiques et numériques de Guinée administré par le CEDUST. Elle est la plus grande base de données de ressources documentaires pour les Étudiants, Enseignants chercheurs et Chercheurs de Guinée.

Adresse

627 919 101/664 919 101

25 boulevard du commerce
Kaloum, Conakry, Guinée

Réseaux sociaux

Powered by Netsen Group @ 2025